Normal view
MARC view
- Hussain, Syed Sultan Mahmood
Entry Personal Name
001 - CONTROL NUMBER
- control field: 14560
003 - CONTROL NUMBER IDENTIFIER
- control field: NUST
005 - DATE AND TIME OF LATEST TRANSACTION
- control field: 20190527091758.0
008 - FIXED-LENGTH DATA ELEMENTS
- fixed length control field: 190527|| aca||aabn | a|a d
040 ## - CATALOGING SOURCE
- Original cataloging agency: NUST
- Transcribing agency: NUST
100 ## - HEADING--PERSONAL NAME
- Personal name: Hussain, Syed Sultan Mahmood
670 ## - SOURCE DATA FOUND
- Source citation: Work cat.: (NUST): Hussain, Syed Sultan Mahmood, 75 Years of Murray College Sialkot 1889-1963 /, 2012.
